00826nam a2200241 i 450000100060000000300090000600500170001500700030003200800410003502000180007608000100009408000110010424501110011525000120022626001260023830000300036454600360039465000170043065000280044770000260047571000610050185200220056213111ES-MaACL20250822052418.0t|971209s1997 sp a |||| | spa d a84-7952-184-8 a021.1 a028.0100aSiempre estuvimos en Alejandría / cJulia García Maza, editora ; [autores, Belén Altuna ... et al.]. a1ª ed. aMadrid : bAsociación de Amigos de la Biblioteca de Alejandría ;aValencia : bEdicions Alfons el Magnànim, c1997. a317 p. : bil. ; c24 cm. aTextos en español e inglés.04aBibliotecas. 7aLibros y lectura2embne1 aGarcía Maza, Julia.2 aAsociación de Amigos de la Biblioteca de Alejandría. aES-MaACLjL-20427